Case studies in biometry /

Guardado en:
Otros Autores: Lange, Nicholas, 1952- (Editor )
Formato: Libro
Idioma:English
Publicado: New York : Wiley, c1994.
Series:Wiley series in probability and mathematical statistics. Applied probability and statistics
Materias:
Acceso en línea:Publisher description
Table of Contents
Etiquetas: Agregar Etiqueta
Sin Etiquetas, Sea el primero en etiquetar este registro!
LEADER 01220cam a2200265 a 4500
001 MAT.inmabb004953
008 940526s1994####nyua#####b####001#0#eng##
005 20160531173513.0
245 0 0 |a Case studies in biometry /  |c edited by Nicholas Lange ... [et al.] ; sponsored by the Eastern and Western North American Regions of the International Biometrics Society. 
260 |a New York :  |b Wiley,  |c c1994. 
300 |a xix, 496 p. :  |b il. ;  |c 24 cm. +  |e 1 diskette (3 1/2 plg.) 
440 0 |a Wiley series in probability and mathematical statistics.  |p Applied probability and statistics 
500 |a "A Wiley-Interscience publication." 
538 |a Requerimientos para uso del diskette: PC con diskettera. 
504 |a Incluye referencias bibliográficas (p. 457-481) e índices. 
020 |a 0471588857 
020 |a 047158925X (pbk.) 
700 1 |a Lange, Nicholas,  |d 1952-  |4 edt 
650 0 |a Biometry  |x Case studies. 
084 |a 62P10  |2 msc2000 
010 |a  94013156  
040 |a DLC  |c DLC  |d DLC 
856 4 2 |3 Publisher description  |u http://www.loc.gov/catdir/description/wiley033/94013156.html 
856 4 |3 Table of Contents  |u http://www.loc.gov/catdir/toc/onix04/94013156.html 
859 |h 62  |i C337  |p A-7533  |b BIB. MATEMATICA